[Event "World Rapid Women 2025"]
[Site "Doha QAT"]
[Date "2025.12.27"]
[Round "6.26"]
[White "Padmini, Rout"]
[Black "Yakimova, Mariya"]
[Result "1-0"]
[WhiteTitle "IM"]
[BlackTitle "WFM"]
[WhiteElo "2354"]
[BlackElo "2241"]
[WhiteFideId "5029295"]
[BlackFideId "34188859"]
[EventDate "2025.12.26"]

1. Nf3 d5 2. g3 Nc6 3. d4 Bf5 4. Bg2 e6 5. O-O Nb4 6. Ne1 Nf6 7. c4 c6 8. a3 Na6
9. Nc3 Bd6 10. f3 Bg6 11. c5 Bc7 12. b4 e5 13. Bb2 O-O 14. dxe5 Bxe5 15. f4 Bc7
16. f5 Bh5 17. Nd3 d4 18. Ne4 Nxe4 19. Bxe4 Re8 20. Nf2 Be5 21. Qd3 f6 22. Rfd1
Qc7 23. Bxd4 Bxd4 24. Qc4+ Qf7 25. Qxf7+ Kxf7 26. Rxd4 Bxe2 27. Rd7+ Kf8 28.
Rxb7 Rec8 29. Ra2 Bh5 30. Rd2 Be8 31. Nh3 Nc7 32. Nf4 Kg8 33. Rd6 a5 34. Bxc6
axb4 35. axb4 Ra1+ 36. Kg2 Ra2+ 37. Kh3 g5 38. fxg6 hxg6 39. Bxe8 Nxe8 40. Rdd7
g5 41. Nd5 Rca8 42. Kg4 Rxh2 43. Kf5 Rh6 44. Re7 Kf8 45. Rf7+ Kg8 46. Nxf6+ 1-0

[Event "World Rapid Women 2025"]
[Site "Doha QAT"]
[Date "2025.12.27"]
[Round "6.27"]
[White "Kurmangaliyeva, Liya"]
[Black "Mungunzul, Bat-Erdene"]
[Result "0-1"]
[WhiteTitle "FM"]
[BlackTitle "WIM"]
[WhiteElo "2339"]
[BlackElo "2350"]
[WhiteFideId "13725831"]
[BlackFideId "4902831"]
[EventDate "2025.12.26"]

1. Nf3 d6 2. d4 g6 3. g3 Bg7 4. Bg2 f5 5. O-O Nf6 6. b3 O-O 7. Bb2 c6 8. Nbd2
Qc7 9. Re1 Ne4 10. c4 Na6 11. Rc1 Nxd2 12. Qxd2 e5 13. Red1 e4 14. Ne1 Qe7 15.
e3 g5 16. d5 Bxb2 17. Qxb2 c5 18. Nc2 Nb8 19. Qc3 Nd7 20. f4 exf3 21. Bxf3 Ne5
22. Bg2 Bd7 23. Rf1 Qg7 24. Qd2 b5 25. Ne1 bxc4 26. bxc4 Rab8 27. Nd3 Ng4 28. h3
Nf6 29. Rb1 Ne4 30. Bxe4 fxe4 31. Rxb8 Rxb8 32. Nf2 Qe5 33. Kg2 Rb2 34. Qa5 Qe7
35. Kg1 h5 36. Qc3 Rb8 37. Kg2 Rf8 38. Qc2 Qe5 39. Qe2 Rf3 40. Nh1 g4 41. h4 Qc3
42. Re1 Bc8 43. Nf2 Qe5 44. Nh1 Ba6 45. Qc2 Rf8 46. Rf1 Rxf1 47. Kxf1 Qxd5 48.
Kg1 Qxc4 49. Qf2 Qf7 50. Qe1 Bd3 51. Qa5 Qf1+ 52. Kh2 Qe2+ 53. Kg1 Qxe3+ 54. Kh2
Qe2+ 55. Kg1 Qd1+ 56. Kh2 Qc2+ 57. Kg1 Qb1+ 58. Kg2 Bf1+ 59. Kf2 Bb5 60. Qd8+
Kf7 61. Qc7+ Ke6 62. Qc8+ Kd5 63. Qf5+ Kc4 64. Kg2 Kb4 65. Nf2 d5 66. Kh2 Qf1
67. Qf6 d4 68. Qf7 e3 69. Qb3+ Ka5 70. Qa3+ Kb6 71. Ne4 Qf5 0-1

[Event "World Rapid Women 2025"]
[Site "Doha QAT"]
[Date "2025.12.27"]
[Round "6.28"]
[White "Tokhirjonova, Gulrukhbegim"]
[Black "Khafizova, Diana"]
[Result "1/2-1/2"]
[WhiteTitle "IM"]
[BlackTitle "WFM"]
[WhiteElo "2372"]
[BlackElo "2234"]
[WhiteFideId "14203626"]
[BlackFideId "34378049"]
[EventDate "2025.12.26"]

1. d4 Nf6 2. c4 e6 3. Nc3 d5 4. cxd5 Nxd5 5. e4 Nxc3 6. bxc3 c5 7. Nf3 cxd4 8.
cxd4 Bb4+ 9. Bd2 Bxd2+ 10. Qxd2 O-O 11. Be2 b6 12. O-O Bb7 13. Qe3 Nd7 14. e5
Rc8 15. a4 Qe7 16. Nd2 Bd5 17. Ba6 Rc7 18. Rfc1 Nb8 19. Bd3 Rfc8 20. Rxc7 Qxc7
21. h4 g6 22. h5 Qc3 23. Re1 Nc6 24. Ba6 Qxe3 25. fxe3 Rd8 26. h6 Nb4 27. Bc4
Bc6 28. Bb3 a5 29. Rc1 Kf8 30. Rc3 Rb8 31. Nc4 Nd5 32. Rc1 b5 33. axb5 Bxb5 34.
Nd6 Be8 35. Bxd5 exd5 36. Rc7 Ra8 37. e6 a4 38. e7+ Kg8 39. Nxe8 Rxe8 40. Ra7 f6
41. Kf2 Kf7 42. Rxa4 Rxe7 43. Ra5 Rd7 44. g4 g5 45. Kf3 Kg6 46. Ra6 Rd8 47. Re6
Rf8 48. Rd6 Kxh6 49. Rxd5 Kg6 50. Rd6 h5 51. gxh5+ Kxh5 52. e4 f5 53. exf5 Rxf5+
54. Kg3 g4 55. Rd8 Rf3+ 56. Kg2 Rd3 57. d5 Kg6 58. d6 Kf7 59. d7 Ke7 60. Rg8
Kxd7 61. Rxg4 Ke6 1/2-1/2

[Event "World Rapid Women 2025"]
[Site "Doha QAT"]
[Date "2025.12.27"]
[Round "6.29"]
[White "Cori T., Deysi"]
[Black "Rakshitta, Ravi"]
[Result "0-1"]
[WhiteTitle "IM"]
[BlackTitle "WGM"]
[WhiteElo "2349"]
[BlackElo "2381"]
[WhiteFideId "3801934"]
[BlackFideId "25073230"]
[EventDate "2025.12.26"]

1. Nf3 Nf6 2. g3 c5 3. Bg2 Nc6 4. d4 cxd4 5. Nxd4 e5 6. Nb3 d5 7. O-O h6 8. c4
dxc4 9. Bxc6+ bxc6 10. Qxd8+ Kxd8 11. Na5 Kc7 12. Nxc4 Ba6 13. Nxe5 Bxe2 14. Re1
Bh5 15. Nc3 Bd6 16. Nc4 Rhe8 17. Be3 Bb4 18. Bf4+ Kb7 19. Be5 Re6 20. a3 Bf8 21.
Bxf6 Rxf6 22. Re5 Bf3 23. b4 Rd8 24. Rae1 Rd3 25. Na4 Bd5 26. Ne3 Rxa3 27. Nc5+
Bxc5 28. bxc5 Be6 29. f4 g6 30. h4 h5 31. Rd1 Kc7 32. Rd6 Rc3 33. Kf2 a5 34. Rd4
Kb7 35. Ke1 Ka6 36. Kd2 Rb3 37. Rd8 Rb7 38. Ra8+ Kb5 39. Kc3 a4 40. Nc2 Bd5 41.
Kd4 Re6 42. Ne3 Rxe5 43. fxe5 Bb3 44. g4 hxg4 45. Nxg4 Kb4 46. e6 Bxe6 47. Ne5
Bd5 48. Nd3+ Kb3 49. Nc1+ Kc2 50. Nd3 Bb3 51. Ne5 Rb4+ 52. Ke3 Bd5 53. Nd7 Kb2
54. Nb6 Bb3 55. Rd8 a3 56. Rd2+ Bc2 0-1

[Event "World Rapid Women 2025"]
[Site "Doha QAT"]
[Date "2025.12.27"]
[Round "6.30"]
[White "Wang, Chuqiao"]
[Black "Kiolbasa, Oliwia"]
[Result "1/2-1/2"]
[WhiteTitle "WIM"]
[BlackTitle "IM"]
[WhiteElo "2235"]
[BlackElo "2397"]
[WhiteFideId "8631638"]
[BlackFideId "1154613"]
[EventDate "2025.12.26"]

1. d4 Nf6 2. c4 e6 3. Nf3 d5 4. Nc3 dxc4 5. e3 a6 6. a4 b6 7. Bxc4 Bb7 8. O-O
Nbd7 9. Qe2 c5 10. Rd1 cxd4 11. exd4 Qc7 12. Bg5 Bd6 13. h3 O-O 14. Ba2 Rac8 15.
Rac1 Qb8 16. d5 exd5 17. Nxd5 Rxc1 18. Bxc1 Nxd5 19. Bxd5 Bxd5 20. Rxd5 Nc5 21.
Qd1 Bf4 22. Bxf4 Qxf4 23. a5 Qb4 24. axb6 Ne6 25. Qd2 1/2-1/2

[Event "World Rapid Women 2025"]
[Site "Doha QAT"]
[Date "2025.12.27"]
[Round "6.31"]
[White "Roebers, Eline"]
[Black "Aydin, Gulenay"]
[Result "1-0"]
[WhiteTitle "IM"]
[BlackTitle "WIM"]
[WhiteElo "2396"]
[BlackElo "2259"]
[WhiteFideId "1058401"]
[BlackFideId "34557431"]
[EventDate "2025.12.26"]

1. e4 d6 2. d4 Nf6 3. Nc3 e5 4. Nf3 Nbd7 5. Rg1 g6 6. g4 exd4 7. Nxd4 Bg7 8. Be3
h5 9. h3 hxg4 10. hxg4 Nc5 11. Qe2 Qe7 12. f3 Be6 13. O-O-O a6 14. g5 Nh5 15. f4
b5 16. f5 Bc4 17. Qf3 Be5 18. Nc6 Qf8 19. Bxc5 1-0

[Event "World Rapid Women 2025"]
[Site "Doha QAT"]
[Date "2025.12.27"]
[Round "6.32"]
[White "Kaliakhmet, Elnaz"]
[Black "Krush, Irina"]
[Result "1/2-1/2"]
[WhiteTitle "WIM"]
[BlackTitle "GM"]
[WhiteElo "2329"]
[BlackElo "2402"]
[WhiteFideId "13730169"]
[BlackFideId "2012782"]
[EventDate "2025.12.26"]

1. d4 g6 2. c4 Bg7 3. g3 c5 4. dxc5 Na6 5. Bg2 Nxc5 6. Nf3 Nf6 7. O-O b6 8. Nc3
Bb7 9. Be3 O-O 10. Rc1 Nfe4 11. Nxe4 Bxe4 12. Bd4 Bh6 13. Ra1 Rc8 14. Nh4 Bxg2
15. Nxg2 Ne6 16. Be3 Bg7 17. Qb3 Nc5 18. Qa3 Qc7 19. Rac1 Qb7 20. b4 Ne6 21.
Rfd1 d6 22. h4 h5 23. Nf4 Nxf4 24. Bxf4 Rc7 25. Qd3 Rfc8 26. Rc2 Rc6 27. Rdc1
Qd7 28. c5 bxc5 29. bxc5 d5 30. Bg5 e5 31. Bd2 e4 32. Qe3 Qe6 33. Bc3 Rxc5 34.
Bxg7 Rxc2 35. Rxc2 Kxg7 36. Qd4+ Kg8 37. Rxc8+ Qxc8 38. Qxd5 Qe8 39. Qd4 Qe7 40.
a4 a6 41. a5 Qe6 42. Qc5 Kg7 43. Kg2 Qa2 44. Qc3+ Kh7 45. Qf6 Qc4 46. e3 Kg8 47.
Qd8+ Kh7 48. Qd7 Kg8 49. Qe8+ Kh7 50. Qd7 Kg8 51. Qe8+ Kh7 52. Qd7 1/2-1/2

[Event "World Rapid Women 2025"]
[Site "Doha QAT"]
[Date "2025.12.27"]
[Round "6.33"]
[White "Atalik, Ekaterina"]
[Black "Gu, Xiaobing"]
[Result "1-0"]
[WhiteTitle "IM"]
[BlackTitle "WGM"]
[WhiteElo "2349"]
[BlackElo "2106"]
[WhiteFideId "4130189"]
[BlackFideId "8602611"]
[EventDate "2025.12.26"]

1. d4 Nf6 2. Nf3 g6 3. c4 Bg7 4. Nc3 d6 5. Bg5 h6 6. Bh4 O-O 7. e3 Nbd7 8. Be2
a5 9. Qc2 b6 10. O-O Bb7 11. Rfd1 Qe8 12. d5 Nc5 13. Nd4 e5 14. Ndb5 Qd7 15. b3
Ne8 16. a3 Na6 17. e4 f5 18. f3 Nf6 19. Rab1 Nh5 20. Bf1 g5 21. Bf2 g4 22. exf5
gxf3 23. g4 Nf4 24. Qe4 c6 25. dxc6 Bxc6 26. Nd5 Nxd5 27. Rxd5 Nc7 28. Nxc7 Qxc7
29. Qxf3 Kh8 30. Rbd1 Rg8 31. Qh3 Bxd5 32. Rxd5 Bf8 33. Be3 Qh7 34. Bd3 Ra7 35.
Kf2 Rf7 36. Be4 Be7 37. Ke2 Qg7 38. Kf3 Bg5 39. Bf2 Bc1 40. Bh4 Bxa3 41. g5 Qf8
42. f6 Bc1 43. Ke2 Bxg5 44. Rxd6 Rxf6 45. Rd7 Rf7 46. Rxf7 Qxf7 47. Bxg5 h5 48.
Be3 a4 49. Bd5 Qg6 50. Bxg8 axb3 51. Be6 Qc2+ 52. Bd2 Qe4+ 53. Kf2 h4 54. Qf5
Qd4+ 55. Ke2 1-0

[Event "World Rapid Women 2025"]
[Site "Doha QAT"]
[Date "2025.12.27"]
[Round "6.34"]
[White "Bayasgalan, Khishigbaatar"]
[Black "Pham, Le Thao Nguyen"]
[Result "0-1"]
[WhiteTitle "WCM"]
[BlackTitle "IM"]
[WhiteElo "2249"]
[BlackElo "2348"]
[WhiteFideId "4904311"]
[BlackFideId "12401226"]
[EventDate "2025.12.26"]

1. d4 Nf6 2. c4 c6 3. Nc3 d5 4. Nf3 a6 5. e3 b5 6. cxd5 cxd5 7. Bd3 e6 8. O-O
Bb7 9. a3 Bd6 10. Ne5 O-O 11. Bd2 Nbd7 12. f4 Ne4 13. Be1 f6 14. Nf3 Rc8 15. Qb3
Qe7 16. Rc1 Nb6 17. Bh4 Kh8 18. Rfe1 Qd7 19. Ne2 Nc4 20. Bb1 Rc7 21. Red1 Rfc8
22. Be1 a5 23. Bf2 a4 24. Qa2 Na5 25. Bxe4 dxe4 26. Nd2 f5 27. Nc3 h6 28. Be1 b4
29. axb4 Bxb4 30. Qxa4 Qxa4 0-1

[Event "World Rapid Women 2025"]
[Site "Doha QAT"]
[Date "2025.12.27"]
[Round "6.35"]
[White "Bodnaruk, Anastasia"]
[Black "Olde, Margareth"]
[Result "0-1"]
[WhiteTitle "IM"]
[BlackTitle "WIM"]
[WhiteElo "2357"]
[BlackElo "2214"]
[WhiteFideId "4181751"]
[BlackFideId "4503082"]
[EventDate "2025.12.26"]

1. e4 d6 2. d4 Nf6 3. Nc3 e5 4. Nf3 Nbd7 5. Bc4 Be7 6. O-O O-O 7. Re1 c6 8. a4
h6 9. h3 Re8 10. d5 Nb6 11. Bb3 cxd5 12. exd5 a5 13. Be3 Bf5 14. Nd2 Rc8 15. Qe2
Nbd7 16. Rac1 Nc5 17. Bc4 Nfd7 18. Bb5 Rf8 19. Nc4 Bh7 20. f4 e4 21. Bd4 f5 22.
Qe3 Nf6 23. Rcd1 Nh5 24. g3 Bf6 25. Kh2 g5 26. Bxf6 Qxf6 27. Ne2 Rc7 28. Qd4 Rg7
29. Qxf6 Rxf6 30. Ne3 Kf8 31. c3 Rc7 32. b4 Nd7 33. Rc1 Bg8 34. Nd4 Ng7 35. Rf1
gxf4 36. gxf4 Rg6 37. bxa5 Nc5 38. Rcd1 Rf6 39. Rg1 Bf7 40. Rd2 Bh5 41. Rdg2
Rff7 42. Rg3 Rce7 43. Nexf5 Rxf5 44. Rxg7 Rxd5 45. Rxe7 Kxe7 46. Rg7+ Kf6 47.
Rh7 Kg6 48. Rc7 Bd1 49. Bc4 Na6 50. Rxb7 Rxa5 51. Ra7 Rxa4 52. Bxa6 Kf6 53. Ra8
e3 54. Kg3 Ra3 55. Bb7 Rxc3 56. Rc8 e2+ 57. Kf2 Rxh3 58. Re8 Rh2+ 59. Bg2 Rh4
60. Re4 Rg4 61. Re6+ Kf7 62. Rxe2 Bxe2 63. Nxe2 Kf6 64. Bf3 Rg8 65. Nd4 Rb8 66.
Ke3 Kg6 67. Be4+ Kf6 68. Bf3 Kg6 69. Ke4 Re8+ 70. Kd5 Re3 71. Bd1 h5 72. Bc2+
Kf6 73. Kxd6 h4 74. Ba4 Re4 75. Kd5 h3 76. Kxe4 h2 77. Bc6 h1=Q+ 78. Ke3 Qe1+
79. Kd3 Qc1 80. Ke4 Qd2 81. Bb5 Qc3 82. Bd3 Qe1+ 83. Be2 Qb1+ 84. Bd3 Qh1+ 85.
Ke3 Qg1+ 86. Ke4 Qg2+ 87. Ke3 Ke7 88. Nf3 Kd6 89. Be4 Qb2 90. Bd3 Qc1+ 91. Ke4
Qc6+ 92. Ke3 Qc5+ 93. Ke4 Qb4+ 94. Ke3 Kd5 95. f5 Qg4 96. Ke2 Qf4 97. Kf2 Kc5
98. Ke2 Kb4 99. Kf2 Kb3 100. Ke2 Kc3 101. Bb1 Kb2 102. Bd3 Kc3 103. Bb1 Qb4 104.
Bd3 Qe7+ 0-1

[Event "World Rapid Women 2025"]
[Site "Doha QAT"]
[Date "2025.12.27"]
[Round "6.36"]
[White "Mkrtchian, Lilit"]
[Black "Jiang, Tianyu"]
[Result "1-0"]
[WhiteTitle "IM"]
[WhiteElo "2366"]
[BlackElo "2224"]
[WhiteFideId "13300601"]
[BlackFideId "8627215"]
[EventDate "2025.12.26"]

1. Nf3 Nf6 2. c4 e6 3. b3 b6 4. g3 Bb7 5. Bg2 Be7 6. Bb2 c5 7. O-O O-O 8. Nc3 d6
9. e3 Nbd7 10. d4 cxd4 11. Nxd4 Bxg2 12. Kxg2 Qc8 13. f4 Nc5 14. Qf3 Re8 15.
Rad1 a6 16. g4 Bf8 17. g5 Nfd7 18. h4 Qb7 19. Qxb7 Nxb7 20. h5 Nbc5 21. Kf3 Rad8
22. Rg1 e5 23. Nc6 Rc8 24. Nb4 b5 25. cxb5 axb5 26. Ncd5 Ne6 27. f5 Nc7 28. e4
Nxd5 29. Rxd5 Nc5 30. Rd2 Ra8 31. Bc1 Ra7 32. g6 Rea8 33. Rdg2 Na6 34. Nd5 Nc7
35. Nb4 fxg6 36. hxg6 h6 37. Be3 Ra3 38. Rc1 Ne8 39. Rgc2 Nf6 40. Rc8 Nd7 41.
Rxa8 Rxa8 42. Rc2 Nf6 43. Bf2 Be7 44. Bh4 Kf8 45. Rc7 d5 46. Bxf6 dxe4+ 47. Kxe4
Bxf6 48. Nd5 Kg8 49. Rb7 h5 50. Rxb5 h4 51. Kf3 Bd8 52. a4 Kf8 53. Rb7 Rc8 54.
Kg4 Rc5 55. Rf7+ Ke8 56. Ne3 Rc3 57. Nc4 Rg3+ 58. Kh5 Bf6 59. Nd6+ Kd8 60. Ne4
Rg1 61. Nxf6 h3 62. Ng4 e4 63. f6 h2 64. Nxh2 gxf6 65. Rxf6 e3 66. Re6 Rh1 67.
Rxe3 Rxh2+ 68. Kg5 Rg2+ 69. Kf6 Rf2+ 70. Kg7 1-0

[Event "World Rapid Women 2025"]
[Site "Doha QAT"]
[Date "2025.12.27"]
[Round "6.37"]
[White "Balajayeva, Khanim"]
[Black "Shubenkova, Veronika"]
[Result "1/2-1/2"]
[WhiteTitle "IM"]
[BlackTitle "WFM"]
[WhiteElo "2351"]
[BlackElo "2013"]
[WhiteFideId "13406396"]
[BlackFideId "44124040"]
[EventDate "2025.12.26"]

1. e4 c6 2. d4 d5 3. e5 Bf5 4. h4 h5 5. Bd3 Bxd3 6. Qxd3 e6 7. Nf3 Ne7 8. Bg5
Qb6 9. Nbd2 Nd7 10. O-O c5 11. c4 cxd4 12. Bxe7 Bxe7 13. cxd5 exd5 14. Rfe1 O-O
15. Nb3 Rfe8 16. Qf5 Nc5 17. Nxc5 Bxc5 18. Qxh5 d3 19. Rf1 g6 20. Qh6 Bf8 21.
Qd2 Qa6 22. Rfd1 Bg7 23. Qxd3 Qxd3 24. Rxd3 Bxe5 25. Rxd5 Bxb2 26. Rb1 Re2 27.
Rd7 b6 28. Kf1 Rae8 29. Rxa7 Rc2 30. Ne1 Rd2 31. Nf3 Rc2 32. Re1 Rxe1+ 33. Kxe1
Bc3+ 34. Kf1 Bb4 35. Ng5 Rc1+ 36. Ke2 Re1+ 37. Kf3 Be7 38. g3 Bxg5 39. hxg5 Re5
40. Kg4 Re2 41. f4 Rf2 42. a4 Ra2 43. Ra6 Kg7 44. Kf3 Ra3+ 45. Ke4 Rb3 46. g4
Rb4+ 47. Ke5 Rc4 48. Ra7 Rb4 49. f5 Rxg4 50. f6+ Kg8 51. Ra8+ Kh7 52. Kd6 Rxg5
53. Ke7 Re5+ 54. Kxf7 Re4 55. Rg8 Rxa4 56. Rg7+ Kh8 57. Kxg6 Rg4+ 58. Kf7 Rh4
59. Rg3 b5 60. Rg5 b4 61. Rb5 Kh7 62. Rb7 Kh8 63. Kf8 Re4 64. f7 Kh7 65. Rb6 Rc4
66. Ke7 Rc7+ 67. Ke8 Rc8+ 68. Ke7 Kg7 69. Rb7 Rf8 70. Ke6 b3 71. Rxb3 Rxf7 72.
Rg3+ Kf8 1/2-1/2

[Event "World Rapid Women 2025"]
[Site "Doha QAT"]
[Date "2025.12.27"]
[Round "6.38"]
[White "Kulon, Klaudia"]
[Black "Dwilewicz, Katarzyna"]
[Result "1-0"]
[WhiteTitle "IM"]
[BlackTitle "WFM"]
[WhiteElo "2335"]
[BlackElo "2185"]
[WhiteFideId "1131044"]
[BlackFideId "1148486"]
[EventDate "2025.12.26"]

1. c4 e5 2. g3 c6 3. Bg2 d5 4. cxd5 cxd5 5. Nc3 Nf6 6. Qb3 Nc6 7. Nxd5 Nd4 8.
Nxf6+ Qxf6 9. Qd1 Bf5 10. d3 Rc8 11. Kf1 Bc5 12. b4 Bb6 13. h4 h6 14. Bg5 Qg6
15. Be3 O-O 16. a4 a6 17. Bxb7 Rc7 18. Bxa6 Nc2 19. Bxb6 Qxb6 20. Bb5 Nxa1 21.
Qxa1 Rfc8 22. Qxe5 Bg4 23. Kg2 Rc1 24. d4 Qb7+ 25. d5 Rd8 26. e4 Rd1 27. Qf4 f5
28. f3 fxe4 29. Qxg4 Qxd5 30. Qxe4 Qd2+ 31. Ne2 Rxh1 32. Kxh1 Qe1+ 33. Kg2 Rd1
34. Qe8+ Kh7 35. Bd3+ Rxd3 36. Qe4+ Kg8 37. Qxd3 Qxb4 38. Qd5+ Kf8 39. Nf4 Qxa4
40. Qe6 g5 41. Qxh6+ Kf7 42. Qe6+ Kf8 43. hxg5 Qc2+ 44. Kh3 Kg7 45. Qf6+ Kg8 46.
Qg6+ 1-0

[Event "World Rapid Women 2025"]
[Site "Doha QAT"]
[Date "2025.12.27"]
[Round "6.39"]
[White "Iudina, Veronika"]
[Black "Nomin-Erdene, Davaademberel"]
[Result "1-0"]
[WhiteTitle "WFM"]
[BlackTitle "IM"]
[WhiteElo "2204"]
[BlackElo "2312"]
[WhiteFideId "24277916"]
[BlackFideId "4900782"]
[EventDate "2025.12.26"]

1. e4 c6 2. d4 d5 3. exd5 cxd5 4. c4 Nf6 5. Nc3 g6 6. cxd5 Nxd5 7. Bc4 Nb6 8.
Bb3 Bg7 9. Nf3 O-O 10. h3 Nc6 11. d5 Na5 12. O-O Nxb3 13. axb3 Bxc3 14. bxc3
Qxd5 15. Bd2 Be6 16. c4 Qd3 17. Re1 Rfd8 18. Re3 Qd6 19. Qc1 Nd7 20. Bc3 f6 21.
Qe1 Bf7 22. Rd1 Qa6 23. Red3 Qe6 24. Qd2 Be8 25. Ba5 b6 26. Bb4 Qf7 27. Rd5 a5
28. Ba3 Ra7 29. Nd4 Rc8 30. Nb5 Rb7 31. Bxe7 Qxe7 32. Nd6 Rcb8 33. Re1 Ne5 34.
f4 Bc6 35. fxe5 Rd7 36. exf6 Qxf6 37. Ne8 Qf7 38. Rxd7 Bxd7 39. Qxd7 Qxd7 40.
Nf6+ Kf7 41. Nxd7 Rb7 42. Ne5+ Kf6 43. Ng4+ Kg7 44. Re5 Ra7 45. Rb5 a4 46. bxa4
Rxa4 47. Ne3 Ra6 48. Nd5 1-0

[Event "World Rapid Women 2025"]
[Site "Doha QAT"]
[Date "2025.12.27"]
[Round "6.40"]
[White "Gaboyan, Susanna"]
[Black "Beydullayeva, Govhar"]
[Result "0-1"]
[WhiteTitle "WIM"]
[BlackTitle "WGM"]
[WhiteElo "2182"]
[BlackElo "2364"]
[WhiteFideId "13303627"]
[BlackFideId "13413015"]
[EventDate "2025.12.26"]

1. Nf3 d5 2. g3 Nf6 3. Bg2 e6 4. O-O Be7 5. d3 O-O 6. Nbd2 c5 7. e4 Nc6 8. Qe2
b6 9. Re1 Bb7 10. e5 Nd7 11. Nf1 a5 12. h4 a4 13. a3 Ba6 14. h5 c4 15. dxc4 Bxc4
16. Qd1 h6 17. N1h2 Bc5 18. Ng4 f5 19. Ne3 Rc8 20. Nxc4 dxc4 21. Qe2 Qe8 22.
Qxc4 Ndxe5 23. Qxa4 Nxf3+ 24. Bxf3 Nd4 25. Qxe8 Nxf3+ 26. Kf1 Rfxe8 27. Rd1 Rcd8
28. Be3 Bxe3 29. fxe3 Nd2+ 30. Ke2 Ne4 31. Kf3 Nf6 32. a4 Kf7 33. Rd4 e5 34.
Rxd8 Rxd8 35. a5 bxa5 36. Rxa5 Ke6 37. Ra6+ Rd6 38. Rxd6+ Kxd6 39. c4 Kc5 40. b3 0-1

[Event "World Rapid Women 2025"]
[Site "Doha QAT"]
[Date "2025.12.27"]
[Round "6.41"]
[White "Mgeladze, Kesaria"]
[Black "Nurgaliyeva, Zarina"]
[Result "0-1"]
[WhiteTitle "WIM"]
[BlackTitle "WIM"]
[WhiteElo "2195"]
[BlackElo "2305"]
[WhiteFideId "13621130"]
[BlackFideId "13730096"]
[EventDate "2025.12.26"]

1. e4 e5 2. Nf3 Nc6 3. Bb5 a6 4. Ba4 Nf6 5. O-O Be7 6. d3 b5 7. Bb3 d6 8. Bd2
O-O 9. a4 Rb8 10. axb5 axb5 11. Nc3 Nd4 12. Nxd4 exd4 13. Nd5 Be6 14. Nxe7+ Qxe7
15. c3 dxc3 16. bxc3 Nd7 17. f4 Bxb3 18. Qxb3 Nc5 19. Qc2 f5 20. e5 dxe5 21.
fxe5 Rbd8 22. d4 Ne4 23. Rae1 Qe6 24. Rb1 c6 25. Rb4 Ra8 26. Rb2 Qc4 27. Rc1 Ra3
28. Be1 Qd5 29. Rb4 f4 30. Qe2 f3 31. gxf3 Ng5 32. Bf2 Nxf3+ 33. Kf1 Nxh2+ 34.
Kg1 Nf3+ 35. Kf1 Nxd4 36. Qh5 Ra2 37. Rxd4 Raxf2+ 38. Ke1 Qg2 0-1

[Event "World Rapid Women 2025"]
[Site "Doha QAT"]
[Date "2025.12.27"]
[Round "6.42"]
[White "Rudzinska, Michalina"]
[Black "Karimova, Guldona"]
[Result "1-0"]
[WhiteTitle "WGM"]
[BlackTitle "WIM"]
[WhiteElo "2206"]
[BlackElo "2288"]
[WhiteFideId "1172883"]
[BlackFideId "14210410"]
[EventDate "2025.12.26"]

1. e4 c5 2. Nf3 g6 3. Bc4 Bg7 4. c3 e5 5. O-O Nc6 6. d4 cxd4 7. cxd4 Nxd4 8.
Nxd4 exd4 9. e5 Ne7 10. Qxd4 Nc6 11. Qd5 O-O 12. Bf4 a6 13. a4 Qe7 14. Re1 Kh8
15. Nc3 Nb4 16. Qd2 b6 17. Ne4 Nc6 18. Nd6 f6 19. exf6 Qxf6 20. Bg5 Qd4 21. Nf7+
Kg8 22. Nd6+ Kh8 23. Nf7+ Kg8 24. Rad1 Qxc4 25. Nd6 Qd4 26. Qc2 Qb4 27. Qd3 Nd4
28. Be7 Rf4 29. Nf5 Qxb2 30. Qc4+ Kh8 31. Qf7 Qxf2+ 32. Kh1 Rxf5 33. Bf6 Ne6 34.
Qe8+ Nf8 35. Qxf8# 1-0

[Event "World Rapid Women 2025"]
[Site "Doha QAT"]
[Date "2025.12.27"]
[Round "6.43"]
[White "Bulmaga, Irina"]
[Black "Sharma, Isha"]
[Result "0-1"]
[WhiteTitle "IM"]
[BlackTitle "WIM"]
[WhiteElo "2389"]
[BlackElo "2245"]
[WhiteFideId "13903063"]
[BlackFideId "35006665"]
[EventDate "2025.12.26"]

1. e4 e5 2. Nf3 Nc6 3. d4 exd4 4. Nxd4 Nf6 5. Nxc6 bxc6 6. Bd3 d5 7. exd5 cxd5
8. O-O Be7 9. c4 d4 10. Nd2 O-O 11. Ne4 Bb7 12. Nxf6+ Bxf6 13. b4 a5 14. b5 Re8
15. Qg4 Qd6 16. a4 g6 17. Bd2 h5 18. Qg3 Be5 19. f4 Bf6 20. Rae1 h4 21. Qg4 Re3
22. Bxe3 dxe3 23. Rd1 Qc5 24. Be2 Re8 25. Kh1 Kg7 26. Qh3 Be4 27. Rfe1 Bf5 28.
Bg4 e2 29. Rc1 Re3 30. Bxf5 Rxh3 31. Bxh3 Qf2 32. Bg4 Qxf4 33. h3 Be5 34. Kg1
Qe3+ 35. Kh1 Qg3 36. Kg1 Qh2+ 37. Kf2 Bg3+ 38. Kxe2 Qxg2+ 39. Kd3 Bxe1 40. Rxe1
f5 41. Bd1 Qxh3+ 42. Kd4 Qa3 43. Bc2 Qd6+ 44. Ke3 Qe5+ 45. Kd2 Qd6+ 46. Ke3 h3
47. Bd1 Qe5+ 48. Kf2 Qd4+ 49. Kg3 Qc3+ 50. Kf2 Qxc4 51. Re7+ Kf6 52. Rh7 Qd4+
53. Ke1 h2 54. Bf3 Qe3+ 55. Be2 Qg1+ 0-1

[Event "World Rapid Women 2025"]
[Site "Doha QAT"]
[Date "2025.12.27"]
[Round "6.44"]
[White "Jarocka, Liwia"]
[Black "Toncheva, Nadya"]
[Result "0-1"]
[WhiteTitle "FM"]
[BlackTitle "FM"]
[WhiteElo "2258"]
[BlackElo "2362"]
[WhiteFideId "21807558"]
[BlackFideId "2924056"]
[EventDate "2025.12.26"]

1. e4 c5 2. Nf3 e6 3. b3 b6 4. Nc3 Bb7 5. Be2 d6 6. d4 cxd4 7. Qxd4 Nf6 8. Bb2
Be7 9. O-O-O Nc6 10. Qd2 O-O 11. Nd4 Nxd4 12. Qxd4 a6 13. g4 e5 14. Qd3 b5 15.
g5 Nd7 16. h4 Nc5 17. Qe3 Ne6 18. Nd5 Bxd5 19. Rxd5 Nf4 20. Rd2 Qa5 21. Kb1 Rfc8
22. Rg1 Rc5 23. c3 Qc7 24. Bd1 Rc8 25. b4 Rc6 26. Bb3 a5 27. a3 a4 28. Ba2 Rc4
29. Rgd1 Qc6 30. Bxc4 Qxc4 31. f3 Qb3 32. Rxd6 Bxd6 33. Rxd6 Qc4 34. Qd2 Ne6 35.
Qd3 Qxd3+ 36. Rxd3 Nf4 37. Rd2 Kf8 38. c4 bxc4 39. Bxe5 Nd3 40. Bd6+ Ke8 41. f4
Kd7 42. Be5 g6 43. Bd4 Nxf4 44. Kc2 Kc6 45. Kc3 Re8 46. Bc5 Rxe4 47. Rd6+ Kc7
48. Rf6 Nd5+ 49. Kc2 Nxf6 50. gxf6 Rxh4 0-1

[Event "World Rapid Women 2025"]
[Site "Doha QAT"]
[Date "2025.12.27"]
[Round "6.45"]
[White "Rodriguez Redondo, Adhara"]
[Black "Yu, Jennifer"]
[Result "0-1"]
[WhiteTitle "WFM"]
[BlackTitle "FM"]
[WhiteElo "2207"]
[BlackElo "2276"]
[WhiteFideId "32065698"]
[BlackFideId "2078341"]
[EventDate "2025.12.26"]

1. e4 e5 2. Nf3 Nc6 3. Bc4 Nf6 4. d3 h6 5. O-O d6 6. a3 g5 7. Be3 Bg7 8. Nc3 Be6
9. Bxe6 fxe6 10. Re1 Qd7 11. d4 exd4 12. Nxd4 Nxd4 13. Bxd4 e5 14. Be3 g4 15.
Qd2 h5 16. Bg5 h4 17. Rad1 O-O-O 18. Bxf6 Bxf6 19. Nd5 Rdf8 20. Qa5 a6 21. Re3
Bd8 22. Rc3 Qf7 23. f3 h3 24. Ne3 gxf3 25. Ng4 Qg6 26. g3 Qxg4 27. Rxd6 Kb8 28.
Rxa6 f2+ 0-1